Stedman's Medical Dictionary : (Record no. 593360)

MARC details
000 -LEADER
fixed length control field 00448nam a2200181 a 4500
008 - FIXED-LENGTH DATA ELEMENTS--GENERAL INFORMATION
fixed length control field 251024s1998##################000#0#eng##
020 ## - INTERNATIONAL STANDARD BOOK NUMBER
ISBN 8121901553
082 04 - DEWEY DECIMAL CLASSIFICATION NUMBER
Classification number 610.03
Item number CHA
100 1# - MAIN ENTRY--AUTHOR NAME
Personal name Stedman, J.L.,
245 10 - TITLE STATEMENT
Title Stedman's Medical Dictionary :
260 ## - PUBLICATION, DISTRIBUTION, ETC. (IMPRINT)
Year of publication 1998.
650 #0 - SUBJECT ADDED ENTRY--TOPICAL TERM
Topical Term Medical.
942 ## - ADDED ENTRY ELEMENTS (KOHA)
Koha item type English Books

No items available.

Find us on the map